| 000 | 00817nam a2200277 a 4500 | ||
|---|---|---|---|
| 001 | 4664490 | ||
| 003 | OSt | ||
| 005 | 20140310182722.0 | ||
| 008 | 810901s1981 ilua 000 0 eng | ||
| 010 | _a 80053812 | ||
| 020 | _c$3.95 | ||
| 040 |
_aDLC _cDLC _dDLC |
||
| 050 | 0 | 0 |
_aHF 5482.3 _b.Ul41 1981 |
| 082 | 0 | 0 |
_2M 658.87 _bUl4 1981 |
| 100 | 1 | _aUllman, James Michael. | |
| 245 | 1 | 0 |
_aHow to hold a garage sale / _cUllman, James Michael |
| 260 |
_aUnited States of America : _bRand McNally & Company, _cc1981. |
||
| 300 |
_a95 p. : _bill. ; _c18 cm. |
||
| 521 | _aCollege Students | ||
| 526 | _c1210L-1700L | ||
| 541 | _j1 | ||
| 562 | _eFor circulation. 1 copy available in the collection | ||
| 650 | 0 | _aGarage sales. | |
| 906 |
_a7 _bcbc _corignew _d2 _eocip _f19 _gy-gencatlg |
||
| 942 |
_2lcc _cBK _kM |
||
| 999 |
_c15352 _d15352 |
||